The Snow Leopard Adventure/ (Record no. 84290)

MARC details
000 -LEADER
fixed length control field 00651nam a22001937a 4500
005 - DATE AND TIME OF LATEST TRANSACTION
control field 20140519120223.0
010 ## - LCCN (DPL NO)
LC control number B-521686-687
020 ## - INTERNATIONAL STANDARD BOOK NUMBER
International Standard Book Number 9788190982931
Terms of availability 195.00
035 ## - SYSTEM CONTROL NUMBER
System control number B-521686-687
037 ## - SOURCE OF ACQUISITION
Stock number dpl
Source of stock number/acquisition Blueberry/Ven
082 ## - DEWEY DECIMAL CLASSIFICATION NUMBER
Classification number S
100 ## - MAIN ENTRY--PERSONAL NAME
Personal name Dalal, Deepak
245 ## - TITLE STATEMENT
Title The Snow Leopard Adventure/
Statement of responsibility, etc by Deepak Dalal
260 ## - PUBLICATION, DISTRIBUTION, ETC. (IMPRINT)
Place of publication, distribution, etc New Delhi
Name of publisher, distributor, etc Tarini Publishing
Date of publication, distribution, etc 2011
270 ## - ADDRESS
Address M3 AVG Bhavan, Connaught Circus
City New Delhi
Postal code 110001
Telephone number 011-23417175, 23415030
300 ## - PHYSICAL DESCRIPTION
Extent 170p.
Dimensions 19cm(pbk)
942 ## - ADDED ENTRY ELEMENTS (KOHA)
Source of classification or shelving scheme Dewey Decimal Classification
Item type Children Books
Classification part S
Call number suffix DAL
Holdings
Withdrawn status Lost status Not for loan Collection code Home library Current library Date acquired Source of acquisition Cost, normal purchase price Full call number Barcode Copy number Cost, replacement price Koha item type
  Written-off vide DLB M. No. 383 dt 16.05.19   Fiction Central Library Central Library 19/05/2014 Blueberry/IN10418/21.3.13/202/20.03.2013/28.03.2013 195.00 S DAL B-521686 1 195.00 Children Books
      Fiction Shahdara Branch Shahdara Branch 19/05/2014 Blueberry/IN10418/21.3.13/202/20.03.2013/28.03.2013 195.00 S DAL B-521687 1 195.00 Children Books

© Delhi Public Library
Hit Counter
free hit counter